La educación no formal en acción cultural popular hondureña: una propuesta de implementación /

Gespeichert in:
Bibliographische Detailangaben
1. Verfasser: Morazán de San Martín, Napoleón
Körperschaften: ASEPADE, Asesores para el Desarrollo
Format: Text
Veröffentlicht: Tegucigalpa: Asesores para el Desarrollo
Tags: Tag hinzufügen
Keine Tags, Fügen Sie den ersten Tag hinzu!

MARC

LEADER 00000 a a2200000 04500
001 24069
003
040
090 |a 171100  
100 |a Morazán de San Martín, Napoleón  
110 |a ASEPADE  
245 |a La educación no formal en acción cultural popular hondureña: una propuesta de implementación /  |c ASEPADE  
260 |a Tegucigalpa:   |b Asesores para el Desarrollo  
300 |a 50 p.  
710 |a Asesores para el Desarrollo  
999 |c 16810  |d 16810